[Event "Lleida Province-ch"]
[Site "Balaguer"]
[Date "2013.11.24"]
[Round "8"]
[White "Villa Gimenez, Carmelo"]
[Black "Quintas Galeano, Lluis"]
[Result "0-1"]
[WhiteElo "1954"]
[BlackElo "2125"]
[PlyCount "72"]
[EventDate "2013.10.06"]
[EventType "swiss"]
[EventRounds "9"]
[EventCountry "ESP"]
[SourceTitle "CBM 157 Extra"]
[Source "ChessBase"]
[SourceDate "2013.12.19"]
[SourceVersion "1"]
[SourceVersionDate "2013.12.19"]
[SourceQuality "1"]

1. g3 Nf6 2. Bg2 c6 3. Nf3 d6 4. 0-0 e5 5. d4 e4 6. Nfd2 d5 7. c4 g6 8. b3 Qb6 9. e3 Be6 10. Ba3 Bxa3 11. Nxa3 Qa5 12. Qc1 Na6 13. c5 Nb4 14. Nab1 Qc7 15. a3 Nd3 16. Qc2 Bf5 17. Nc3 Qe7 18. b4 h5 19. h4 Ng4 20. b5 g5 21. bxc6 bxc6 22. Qa4 Bd7 23. Ndxe4 dxe4 24. Nxe4 gxh4 25. Nd6+ Kf8 26. Bxc6 hxg3 27. Qc4 gxf2+ 28. Rxf2 Ndxf2 29. Bxa8 Rg8 30. Qb3 Nh3+ 31. Kh1 Ngf2+ 32. Kh2 Be6 33. d5 Qf6 34. Qb8+ Kg7 35. Ne8+ Rxe8 36. Qxe8 Qxa1 0-1

[Event "Lleida Province-ch"]
[Site "Balaguer"]
[Date "2013.11.10"]
[Round "6"]
[White "Villa Gimenez, Carmelo"]
[Black "Balasch Peries, Eduard"]
[Result "1-0"]
[WhiteElo "1954"]
[BlackElo "1729"]
[PlyCount "53"]
[EventDate "2013.10.06"]
[EventType "swiss"]
[EventRounds "9"]
[EventCountry "ESP"]
[SourceTitle "CBM 157 Extra"]
[Source "ChessBase"]
[SourceDate "2013.12.19"]
[SourceVersion "1"]
[SourceVersionDate "2013.12.19"]
[SourceQuality "1"]

1. e4 c6 2. d4 d5 3. Nd2 e6 4. Ngf3 Nd7 5. Bd3 c5 6. c3 dxe4 7. Nxe4 Ngf6 8. 0-0 h6 9. Ng3 Nb6 10. Ne5 a6 11. dxc5 Bxc5 12. Bg6 Bxf2+ 13. Kxf2 Qxd1 14. Bxf7+ Ke7 15. Rxd1 Ng4+ 16. Nxg4 Kxf7 17. Be3 Nd7 18. Bd4 Rf8 19. Kg1 Kg8 20. Ne5 Nf6 21. Rf1 b5 22. Rf2 Bb7 23. Raf1 Nd5 24. Rf7 Rab8 25. Nh5 Rxf7 26. Rxf7 g5 27. Rg7+ 1-0

[Event "Lleida Province-ch"]
[Site "Lleida"]
[Date "2012.10.14"]
[Round "2"]
[White "Barbero Sendic, Alejandro"]
[Black "Villa Gimenez, Carmelo"]
[Result "1-0"]
[WhiteElo "2348"]
[BlackElo "2001"]
[PlyCount "39"]
[EventDate "2012.10.07"]
[EventType "swiss"]
[EventRounds "9"]
[EventCountry "ESP"]
[SourceTitle "EXT 2015"]
[Source "ChessBase"]
[SourceDate "2014.11.20"]
[SourceVersion "1"]
[SourceVersionDate "2014.11.20"]
[SourceQuality "1"]

1. e4 d5 2. exd5 Qxd5 3. Nc3 Qd6 4. d4 Nf6 5. Nf3 c6 6. Ne5 Nbd7 7. Nc4 Qc7 8. Qf3 Nb6 9. Bf4 Qd7 10. h3 Nxc4 11. Bxc4 e6 12. 0-0 Be7 13. Be5 0-0 14. Rad1 b5 15. Bd3 Bb7 16. Qg3 g6 17. Rfe1 Nh5 18. Qe3 Bf6 19. g4 b4 20. Ne4 1-0

[Event "Lleida Province-ch"]
[Site "Lleida"]
[Date "2011.10.23"]
[Round "4"]
[White "Parramon Guillaumet, Jaime"]
[Black "Villa Gimenez, Carmelo"]
[Result "0-1"]
[WhiteElo "1905"]
[BlackElo "2027"]
[PlyCount "100"]
[EventDate "2011.10.09"]
[EventType "swiss"]
[EventRounds "9"]
[EventCountry "ESP"]
[SourceTitle "EXT 2015"]
[Source "ChessBase"]
[SourceDate "2014.11.20"]
[SourceVersion "1"]
[SourceVersionDate "2014.11.20"]
[SourceQuality "1"]

1. Nf3 Nf6 2. b3 d5 3. Bb2 c6 4. e3 Bg4 5. d4 e6 6. Be2 Bd6 7. Nbd2 0-0 8. h3 Bxf3 9. Bxf3 Nbd7 10. 0-0 e5 11. c4 e4 12. Be2 Rc8 13. f4 exf3 14. Bxf3 Bb8 15. Re1 Qc7 16. Nf1 Rfe8 17. Rc1 Qd6 18. Rc2 Nf8 19. Qc1 Ng6 20. cxd5 Nxd5 21. e4 Nb4 22. e5 Qd8 23. Rd2 Nxa2 24. Qc5 Qb6 25. Qxb6 axb6 26. Ne3 Nb4 27. Ba3 Na6 28. Nc4 b5 29. Nd6 Bxd6 30. Bxd6 Nf4 31. Rf1 Nd5 32. Bxd5 cxd5 33. Rdf2 Nc7 34. Rxf7 Ne6 35. Rxb7 Nxd4 36. b4 Ne6 37. Rxb5 d4 38. Rb7 Rc2 39. Re7 Rxe7 40. Bxe7 d3 41. Rd1 Nf4 42. Kf1 d2 43. Kf2 Nd5 44. Kg3 Ne3 45. Ra1 Rc1 46. Ra8+ Kf7 47. Bd6 d1Q 48. Rf8+ Kg6 49. Kh2 Qg1+ 50. Kg3 Qxg2+ 0-1

[Event "Balaguer op 16th "]
[Site "Balaguer"]
[Date "2011.07.25"]
[Round "9"]
[White "Villa Gimenez, Carmelo"]
[Black "Subarroca Blanch, Francesco"]
[Result "1-0"]
[WhiteElo "2013"]
[BlackElo "1880"]
[PlyCount "125"]
[EventDate "2011.07.17"]
[EventType "swiss"]
[EventRounds "9"]
[EventCountry "ESP"]
[SourceTitle "CBM 143 Extra"]
[Source "ChessBase"]
[SourceDate "2011.08.29"]
[SourceVersion "1"]
[SourceVersionDate "2011.08.29"]
[SourceQuality "1"]

1. d4 Nf6 2. c4 g6 3. Nc3 Bg7 4. e4 d6 5. Nf3 b6 6. Be2 0-0 7. 0-0 Bb7 8. Qc2 Nc6 9. d5 Nb8 10. Ne1 Nbd7 11. Rb1 c6 12. Nd3 Rc8 13. Qa4 a6 14. Qd1 cxd5 15. cxd5 b5 16. a4 bxa4 17. Qxa4 Nb6 18. Qb3 Nxe4 19. Be3 Nc5 20. Nxc5 dxc5 21. Na4 Qxd5 22. Qxd5 Nxd5 23. Bg5 h6 24. Bh4 f5 25. f3 Bd4+ 26. Kh1 e5 27. Bc4 Kg7 28. Bxd5 Bxd5 29. Nb6 Ba2 30. Ra1 Rc6 31. Nd7 Bc4 32. Rfc1 Bxb2 33. Nxf8 Bxc1 34. Rxc1 Bb5 35. Nd7 e4 36. fxe4 fxe4 37. Nxc5 e3 38. Nd3 Rxc1+ 39. Nxc1 a5 40. g4 a4 41. Kg2 a3 42. Be1 Kf6 43. Bc3+ Kg5 44. Kg3 h5 45. h4+ Kh6 46. g5+ Kh7 47. Kf3 Kg8 48. Kxe3 Kf7 49. Bb4 Ke6 50. Kf4 Bc4 51. Bxa3 Kd5 52. Be7 Ke6 53. Bf6 Kd6 54. Ke4 Ke6 55. Nd3 Ba2 56. Nf4+ Kd6 57. Be5+ Ke7 58. Bb8 Ke8 59. Ke5 Kf7 60. Kd6 Bc4 61. Nd5 Bb3 62. Ne7 Be6 63. Nxg6 1-0

[Event "Balaguer op 16th "]
[Site "Balaguer"]
[Date "2011.07.24"]
[Round "8"]
[White "Piasetski, Leon David"]
[Black "Villa Gimenez, Carmelo"]
[Result "1-0"]
[WhiteElo "2289"]
[BlackElo "2013"]
[PlyCount "121"]
[EventDate "2011.07.17"]
[EventType "swiss"]
[EventRounds "9"]
[EventCountry "ESP"]
[SourceTitle "CBM 143 Extra"]
[Source "ChessBase"]
[SourceDate "2011.08.29"]
[SourceVersion "1"]
[SourceVersionDate "2011.08.29"]
[SourceQuality "1"]

1. Nf3 c5 2. c4 Nc6 3. d4 cxd4 4. Nxd4 g6 5. e4 Bg7 6. Be3 Nf6 7. Nc3 0-0 8. Be2 d6 9. 0-0 Bd7 10. Nb3 Ne5 11. h3 Qc8 12. Nd2 Bxh3 13. gxh3 Qxh3 14. Bf4 Nfg4 15. Bxg4 Nxg4 16. Qf3 Qxf3 17. Nxf3 f5 18. Nd2 fxe4 19. Bg5 Rf7 20. Ndxe4 Bd4 21. Rad1 Ne5 22. Kg2 Bxc3 23. Nxc3 Nxc4 24. Nd5 Nxb2 25. Rb1 Nd3 26. Rxb7 e6 27. Nf6+ Kg7 28. Rxf7+ Kxf7 29. Rh1 h5 30. Rd1 Nf4+ 31. Kg3 Nd5 32. Nxd5 exd5 33. Rxd5 Ke6 34. Ra5 d5 35. Be3 a6 36. f4 Re8 37. Rxa6+ Kf5 38. Kf3 Re4 39. Rd6 Ra4 40. Rxd5+ Ke6 41. Rd2 Kf5 42. Rc2 Ra3 43. Rg2 Ra4 44. Rg5+ Kf6 45. Rb5 Rxa2 46. Bd4+ Kf7 47. Rb7+ Ke6 48. Rb6+ Kd5 49. Be3 Rh2 50. Rxg6 Rh3+ 51. Rg3 Rh2 52. Rg5+ Ke6 53. Ke4 Rh3 54. Bd4 Rh1 55. f5+ Kf7 56. Rg7+ Kf8 57. f6 Re1+ 58. Kf5 Rc1 59. Be5 h4 60. Bd6+ Ke8 61. f7+ 1-0

[Event "Balaguer op 16th "]
[Site "Balaguer"]
[Date "2011.07.19"]
[Round "3"]
[White "Aldoma Pubill, Roger"]
[Black "Villa Gimenez, Carmelo"]
[Result "0-1"]
[WhiteElo "1678"]
[BlackElo "2013"]
[PlyCount "52"]
[EventDate "2011.07.17"]
[EventType "swiss"]
[EventRounds "9"]
[EventCountry "ESP"]
[SourceTitle "EXT 2012"]
[Source "ChessBase"]
[SourceDate "2011.11.24"]
[SourceVersion "1"]
[SourceVersionDate "2011.11.24"]
[SourceQuality "1"]

1. e4 c5 2. Nf3 Nc6 3. d4 cxd4 4. Nxd4 g6 5. Nc3 Bg7 6. Be3 Nf6 7. f3 0-0 8. Qd2 d5 9. Nxc6 bxc6 10. 0-0-0 Qc7 11. Bh6 e5 12. h4 d4 13. Ne2 c5 14. Bxg7 Kxg7 15. h5 c4 16. Ng3 c3 17. h6+ Kh8 18. Qg5 Ne8 19. Kb1 f6 20. Qc1 Rb8 21. b3 a5 22. Qa3 Rf7 23. Bc4 Qxc4 24. Qxa5 Qc6 25. Qd8 Ra7 26. Nh5 Qa4 0-1

[Event "Barcelona"]
[Site "Barcelona"]
[Date "1997.??.??"]
[Round "?"]
[White "Quintas Galeano, Lluis"]
[Black "Villa Gimenez, Carmelo"]
[Result "1-0"]
[WhiteElo "2065"]
[BlackElo "2055"]
[PlyCount "84"]
[EventDate "1997.??.??"]
[EventType "tourn"]
[EventRounds "9"]
[EventCountry "ESP"]
[SourceTitle "EXT 2008"]
[Source "ChessBase"]
[SourceDate "2007.11.25"]
[SourceVersion "1"]
[SourceVersionDate "2007.11.25"]
[SourceQuality "1"]

1. e4 c5 2. Nf3 d6 3. d4 cxd4 4. Nxd4 Nf6 5. Nc3 Nc6 6. Bg5 e6 7. Qd2 a6 8. 0-0-0 h6 9. Be3 Be7 10. f3 Qc7 11. g4 Ne5 12. h4 b5 13. Be2 b4 14. Nb1 Rb8 15. g5 hxg5 16. hxg5 Rxh1 17. Rxh1 Nfd7 18. Rh8+ Nf8 19. b3 Neg6 20. Rg8 Qa5 21. Nc6 Qc7 22. Nxb8 Qxb8 23. f4 Bd7 24. Bh5 Qb7 25. Bxg6 fxg6 26. Qd4 Bb5 27. Nd2 Qc6 28. Nc4 Bxc4 29. bxc4 e5 30. fxe5 Kf7 31. exd6 Kxg8 32. dxe7 Ne6 33. Qd5 Qc8 34. Bc5 Kf7 35. Bxb4 Ke8 36. Bd6 Qd7 37. Qa8+ Kf7 38. Qf8+ Nxf8 39. exf8Q+ Ke6 40. c5 a5 41. Qg8+ Qf7 42. Qxf7+ Kxf7 1-0

[Event "Mollerussa op-A"]
[Site "Mollerusa"]
[Date "1997.??.??"]
[Round "3"]
[White "Villa Gimenez, Carmelo"]
[Black "Verdes Nadal, Ramon"]
[Result "0-1"]
[WhiteElo "2055"]
[BlackElo "2015"]
[PlyCount "104"]
[EventDate "1997.??.??"]
[EventType "swiss"]
[EventRounds "9"]
[EventCountry "ESP"]
[SourceTitle "EXT 2003"]
[Source "ChessBase"]
[SourceDate "2002.11.25"]
[SourceVersion "1"]
[SourceVersionDate "2002.11.25"]
[SourceQuality "1"]

1. e4 e6 2. d4 d5 3. Nd2 c5 4. exd5 exd5 5. Ngf3 Nc6 6. Bb5 a6 7. Qe2+ Qe7 8. Bxc6+ bxc6 9. Qxe7+ Bxe7 10. dxc5 Bxc5 11. Nb3 Bd6 12. 0-0 Ne7 13. Re1 0-0 14. Bg5 f6 15. Bf4 Bxf4 16. Rxe7 Bd6 17. Re3 Bd7 18. Rae1 Rfe8 19. Rxe8+ Rxe8 20. Rxe8+ Bxe8 21. Nfd4 Bd7 22. Na5 c5 23. Ndb3 c4 24. Nd4 Kf7 25. c3 Ke7 26. g3 Bc7 27. Nac6+ Kd6 28. Nb4 a5 29. Nbc2 Ke5 30. f3 Ba4 31. Kf1 Bb6 32. Ke2 Bxc2 33. Nxc2 Bc5 34. Ne3 f5 35. h3 g6 36. Kd2 h5 37. Ke2 a4 38. a3 g5 39. Nc2 h4 40. gxh4 gxh4 41. Ne3 Kf4 42. Nxd5+ Kg3 43. f4 Kxh3 44. Kf3 Kh2 45. Nc7 Kg1 46. Ne6 h3 47. Nxc5 h2 48. Ke3 h1Q 49. Kd4 Qf3 50. Kxc4 Qxf4+ 51. Kb5 Qb8+ 52. Kxa4 Qxb2 0-1